[Event "Stockholm Chess Challenge 2019"]
[Site "Stockholm"]
[Date "2019.04.26"]
[Round "1.1"]
[White "Jogstad, Martin"]
[Black "Stupak, Kirill"]
[Result "0-1"]
[WhiteElo "2267"]
[BlackElo "2547"]
[Annotator "TA"]
[PlyCount "145"]
[EventDate "2019.04.26"]
[EventType "swiss"]
[EventCountry "SWE"]
[SourceTitle "playchess.com"]
[Source "ChessBase"]
[SourceQuality "1"]

{[%evp 9,145,35,40,33,33,29,30,25,49,37,36,35,37,44,34,20,24,0,1,0,0,0,15,0,0,0,47,-29,-19,-24,0,0,21,21,19,15,14,32,118,0,0,0,5,0,0,-33,-15,-21,-45,-143,-97,-89,-99,-106,-84,-90,-35,-55,-51,-135,-110,-97,-105,-115,-115,-115,-118,-177,-177,-177,-143,-147,-133,-145,-141,-157,-134,-147,-121,-145,-150,-168,-165,-197,-197,-204,-178,-222,-202,-198,-160,-200,0,-197,-200,-198,-169,-237,-197,-197,-197,-244,-251,-216,-169,-293,-179,-300,-163,-131,-136,-477,-445,-504,-505,-502,-491,-1181,-969,-5520,-5217,-5306,-5206,-2662,-2918,-2581,-2192,-6079,-6064,-29981,-29981,-29982,-29983,-29982,-29983,-12842,-6450,-6079]} 1. d4 g6 2. c4 Bg7 3. Nc3 e6 4. Nf3 Ne7 5. e3 (5. Bf4 O-O 6. Qd2 d5 7. e3 a6 8. Rc1 dxc4 9. Bxc4 Nbc6 10. h4 h6 11. a3 b6 12. b4 {1-0 (37) Wang,H (2711)-Maghsoodloo,P (2636) Abu Dhabi 2018}) 5... O-O 6. Be2 {A40: Unusual replies to 1 d4} b6 7. O-O Bb7 8. Qc2 {White has an edge.} h6 $146 ({Predecessor:} 8... d6 9. Ne1 a6 10. Bf3 Ra7 11. b3 Nd7 12. Bb2 c6 13. Rc1 Ba8 14. Ne2 Qb8 15. Ng3 {0-1 (40) Gardini,E (1850)-Catalfamo,S (1696) Arco 2014}) 9. Rd1 d6 10. b4 Nd7 11. a4 a5 12. bxa5 Rxa5 13. Bd2 Ra8 14. Nb5 Nc6 15. Bc3 Na5 16. e4 Qc8 17. Ra3 e5 18. d5 (18. dxe5 $14 dxe5 19. Qd2) 18... Nc5 $11 19. Bb4 Rd8 (19... Qd7 {looks sharper.} 20. Nd2 Rfb8 21. Nc3 Qd8 22. Rb1 Na6) 20. Nd2 c6 21. Bxc5 bxc5 22. Nc3 Ba6 23. Rb1 Rb8 {[#]} ({Black should play} 23... cxd5 $14 24. Nxd5 Ra7) 24. Rxb8 (24. Nb3 $1 $16 {[%cal Rb3a5]} Nxc4 25. Raa1) 24... Qxb8 25. Ra1 h5 26. Rb1 Qa7 27. Nd1 Rb8 28. Rxb8+ Qxb8 29. Qc3 (29. Nc3 $1 $15) 29... Qb6 30. Ne3 Bh6 31. Kf1 Bg5 32. Ke1 Bd8 (32... Kf8 $17) 33. Kd1 Bc8 34. dxc6 ({White should try} 34. Bd3 $15) 34... Qxc6 35. Qa3 Bd7 36. Nd5 Qxa4+ 37. Qxa4 Bxa4+ 38. Kc1 (38. Ke1 $17 {was called for.}) 38... Bg5 $19 {[#] Hoping for ...Nb3+.} 39. Ne3 Kg7 40. Kb2 Bd7 41. Kc3 Nc6 42. Bd1 Nd4 43. Kd3 Bc6 44. Ndf1 Kh6 45. f3 f5 46. Bc2 h4 47. Bd1 Kg7 48. Nd2 Kf6 49. Ndf1 Ke7 50. Nd2 Kf6 51. Ndf1 $1 Ne6 52. g3 Nd4 53. Ng2 (53. Nd5+ $142 Kf7 54. Nd2) 53... h3 54. Nge3 Ke7 55. Nd5+ Bxd5 56. cxd5 {[%mdl 4096] Endgame KBN-KBN} Bc1 57. Kc4 (57. exf5 {was the only defense.} gxf5 58. Nd2) 57... Kd8 58. Kd3 (58. exf5 {was necessary.} gxf5 59. Kc3) 58... Kc7 (58... f4 $142 59. Kc3 Kc7) 59. exf5 gxf5 60. g4 $2 {[%mdl 8192]} (60. Nd2 $17 {is more resistant.}) 60... Bf4 61. gxf5 Nxf5 62. Ba4 Nd4 63. Ke4 (63. Be8 $142 Nxf3 64. Ba4) 63... c4 64. Bd1 Kb6 65. Ne3 Bxe3 66. Kxe3 {KB-KN} Kc5 67. Ba4 Kxd5 68. Bd7 Ne6 69. Bc8 Nf4 70. Bd7 Kc5 71. Ke4 Kb4 72. Bf5 Kc3 73. Ke3 {Accuracy: White = 35%, Black = 63%.} 0-1

[Event "Stockholm Chess Challenge 2019"]
[Site "Stockholm"]
[Date "2019.04.26"]
[Round "1.2"]
[White "Maiorov, Nikita"]
[Black "Ojas Kulkarni"]
[Result "1-0"]
[WhiteElo "2540"]
[BlackElo "2240"]
[Annotator "TA"]
[PlyCount "53"]
[EventDate "2019.04.26"]
[EventType "swiss"]
[EventCountry "SWE"]
[SourceTitle "playchess.com"]
[Source "ChessBase"]
[SourceQuality "1"]

{[%evp 14,53,32,26,21,21,24,20,31,43,56,54,58,54,33,56,121,120,123,118,108,107,166,172,179,178,178,178,164,143,145,125,134,127,211,211,367,362,637,272,29998,29999]} 1. d4 Nf6 2. c4 g6 3. g3 Bg7 4. Bg2 d5 5. Nf3 O-O 6. O-O dxc4 7. Na3 c5 8. dxc5 Qa5 {D77: Fianchetto Grünfeld: 6 0-0: Replies other than 6...c6} (8... c3 9. Nb5 Na6 10. Nxc3 Nxc5 11. Bf4 Nfe4 12. Nxe4 Nxe4 13. Be5 Bxe5 14. Nxe5 Nd6 15. Qd4 Be6 16. Rfc1 {½-½ (48) Vachier Lagrave,M (2789)-So,W (2778) Leuven 2018}) 9. Nxc4 Qxc5 10. Nce5 $146 ({Predecessor:} 10. Nfe5 Ng4 11. Nxg4 Bxg4 12. Ne3 Bc8 13. Nd5 Nc6 14. Be3 Qa5 15. b4 Qd8 16. b5 {½-½ (72) Marin,M (2548)-Urban,K (2463) Koszalin 1999}) 10... Nc6 {The position is equal.} 11. Be3 Qb5 12. a4 Qxb2 13. Nxc6 bxc6 14. Bd4 Qb4 (14... Qb7 $14) 15. Ne5 $16 Qd6 16. Nxc6 Bb7 17. Rc1 Rfc8 (17... Qe6 $16 {was called for.}) 18. Bc5 $18 {[%mdl 64] Discovered Attack} Qxd1 19. Nxe7+ {[%mdl 64] Double Attack, Discovered Attack} Kh8 20. Rfxd1 ({Resist} 20. Rcxd1 $6 Rxc5 21. Bxb7 Re8 $16) 20... Rc7 21. Bxb7 Rxb7 22. Nc6 Ne4 {next ...Nc3 is good for Black.} 23. Bd4 Rc8 {[#]} (23... Bxd4 $16 24. Nxd4 (24. Rxd4 Nf6 $16) 24... Rd8) 24. Nd8 $1 Rxc1 $2 (24... Rbc7 {might work better.} 25. Nxf7+ {[%mdl 64] Pin} Kg8 26. Rxc7 Rxc7) 25. Rxc1 {aiming for Bxg7+.} Rd7 $2 {[#]} (25... Rb8) 26. Rc8 (26. Ne6 $142 $1 {[%mdl 512] White threatens Rc8+ and mate.} Nd6 (26... fxe6 27. Rc8+) 27. Nxg7) 26... Bxd4 $2 (26... h5 $18 27. Nxf7+ Kh7) 27. Ne6+ $1 {Accuracy: White = 69%, Black = 15%.} 1-0

[Event "Stockholm Chess Challenge 2019"]
[Site "Stockholm"]
[Date "2019.04.26"]
[Round "1.3"]
[White "Crevatin, Leo"]
[Black "Blomqvist, Erik"]
[Result "0-1"]
[WhiteElo "2208"]
[BlackElo "2496"]
[Annotator "TA"]
[PlyCount "96"]
[EventDate "2019.04.26"]
[EventType "swiss"]
[EventCountry "SWE"]
[SourceTitle "playchess.com"]
[Source "ChessBase"]
[SourceQuality "1"]

{[%evp 24,96,5,7,11,-5,2,-34,-22,-19,-27,-41,-41,-41,-41,-40,-40,-34,-43,-37,-33,-37,-40,-47,-42,-36,-29,-57,-57,-59,-64,-66,-33,-242,-230,-231,-230,-318,-325,-292,-298,-428,-428,-428,-421,-535,-230,-229,-224,-232,-192,-186,-90,-100,-89,-119,-115,-217,-139,-268,-231,-237,-226,-268,-197,-279,-277,-266,-243,-350,-327,-452,-444,-29976,-29977]} 1. d4 Nf6 2. c4 e6 3. Nc3 d5 4. cxd5 exd5 5. Bg5 c6 6. e3 Be7 7. Bd3 Nbd7 {[%cal Bb8d7,Bd7f8,Bf8e6][%mdl 32]} 8. Nge2 Nf8 9. f3 Ne6 10. Bh4 O-O 11. O-O b6 12. Qc2 g6 13. Rad1 Bb7 {D36: Queen's Gambit Declined: Exchange Variation: Main line (5 Bg5 c6 6 Qc2)} 14. Kh1 (14. Qc1 Rc8 15. a3 a5 16. Qb1 Nh5 17. Bf2 Bd6 18. e4 Nhf4 19. Nxf4 Nxf4 20. Bg3 Ne6 21. e5 {0-1 (80) Korobov,A (2668)-Yilmaz,M (2640) Kocaeli 2017}) 14... Rc8 15. Qd2 Ne4 {Black is slightly better.} 16. fxe4 {Black must now prevent Bg3.} Bxh4 17. Nf4 Nxf4 18. exf4 dxe4 19. Bxe4 f5 20. Bf3 Ba6 $146 ({Predecessor:} 20... Kh8 21. d5 cxd5 22. Nxd5 Bxd5 23. Bxd5 Qe7 24. b3 Rfe8 {½-½ (24) Villegas,P (2354)-Baburin,A (2490) Bunratty 2016}) 21. Rg1 Qd6 22. g3 Bf6 23. Rge1 Rfe8 24. d5 Rxe1+ 25. Qxe1 c5 26. Qe6+ Qxe6 27. dxe6 Bd4 (27... Bxc3 $5 28. bxc3 Bc4 $15) 28. Ne2 $2 ({White should try} 28. Nd5 $15) 28... Bxb2 $19 29. Rd7 Bc4 30. e7 {[#] Rd8+ is the strong threat.} Re8 $1 31. Rxa7 Kf7 32. Rb7 (32. Rd7 $142) 32... Rxe7 33. Rxb6 Bf6 ({Less strong is} 33... Bxe2 34. Bd5+ Kg7 35. Rxb2 $17) 34. Ng1 Bd4 (34... Re1 $142 35. Rb7+ Kf8 36. Rb8+ Kg7 37. Rb7+ Kh6) 35. Rb1 Bxa2 36. Rc1 Kf6 37. Kg2 c4 (37... Ke6 $19 38. Ne2 Be3) 38. Ne2 $17 Be3 39. Re1 {aiming for Nc3.} Bc5 40. Rc1 (40. Rd1 $17) 40... Bb3 41. Nc3 (41. Ra1 $17) 41... Ra7 42. g4 Bd4 43. Kg3 Ra5 44. Ne2 (44. gxf5 {might work better.} gxf5 45. Ne2) 44... Be3 $19 45. Rb1 Ke6 46. Re1 (46. h4 {keeps fighting.}) 46... Kd6 47. Nc1 Bd2 48. Nxb3 {[#]} (48. Rf1 $19 Ba4 49. gxf5 gxf5 50. Be2) 48... Bxe1+ {Accuracy: White = 26%, Black = 63%.} 0-1

[Event "Stockholm Chess Challenge 2019"]
[Site "Stockholm"]
[Date "2019.04.26"]
[Round "1.5"]
[White "Siddharth, Jagadeesh"]
[Black "Soham Das"]
[Result "1-0"]
[WhiteElo "2132"]
[BlackElo "2367"]
[Annotator "TA"]
[PlyCount "85"]
[EventDate "2019.04.26"]
[EventType "swiss"]
[EventCountry "SWE"]
[SourceTitle "playchess.com"]
[Source "ChessBase"]
[SourceQuality "1"]

{[%evp 16,85,30,32,32,-14,-6,-20,-8,-60,-35,-56,-43,-57,-50,-69,-59,-112,-115,-112,-114,-106,-118,-109,-71,-74,-73,-72,-43,-57,15,16,84,79,78,63,64,64,64,71,256,246,397,404,343,272,262,254,368,364,1874,814,1021,973,1123,1106,521,322,560,557,459,331,29971,29972,29971,29972,6395,6223,29979,29979,29979,29980]} 1. d4 f5 2. g3 Nf6 3. Bg2 g6 4. Nf3 Bg7 5. O-O O-O 6. b3 d6 7. Bb2 c6 8. Nbd2 a5 9. c4 Na6 {A87: Dutch Defence: Leningrad System: 5 Nf3} 10. Re1 (10. a3 Rb8 11. Ne1 e5 12. dxe5 Nd7 13. Qc2 dxe5 14. Nd3 e4 15. Nf4 Ne5 16. Rfd1 Qb6 17. Nf1 Nc5 18. Rab1 {1-0 (52) Fressinet,L (2722)-Lagarde,M (2659) Orsay 2018}) 10... e5 $1 11. dxe5 Nd7 $146 {The position is equal.} ({Predecessor:} 11... Ng4 12. Qc2 Nxe5 13. Rad1 Qe7 14. h3 Nc5 15. Bd4 Bd7 16. Nb1 Be6 17. Nc3 {0-1 (53) Kireev,V (2248)-Kirpikov,A (2304) ICCF email 2014}) 12. e4 (12. Ba3 $11) 12... f4 $15 13. a3 Nac5 14. Qc2 {[#] Threatens to win with b4.} Nxe5 15. Bxe5 dxe5 16. Rad1 (16. b4 $15 Qd3 17. Qb1 Qxb1 18. Rexb1) 16... fxg3 17. hxg3 Bg4 18. Nf1 Qb6 19. Re3 Ne6 20. N1h2 Nd4 21. Qc3 Bh6 22. Ree1 Nxf3+ (22... Bxf3 $15 23. Nxf3 Qxb3 24. Qxb3 Nxb3) 23. Bxf3 $11 Bh3 (23... Be6 $11) 24. c5 $16 Qc7 25. Bg4 Bxg4 26. Nxg4 Bg7 27. Rd6 h5 $2 (27... Qf7 $16) 28. Nxe5 $18 {[#] Qc4+ is the strong threat.} Bxe5 $2 (28... Qf7 {was worth a try.} 29. Re2 (29. Nxf7 Bxc3 30. Re3 Rxf7 $16) (29. Rxg6 Qxf2+ 30. Kh1 Rad8 $11) 29... Rae8 30. Nxf7 (30. Rxg6 $2 Rxe5 {[%mdl 64] Remove Defender} 31. Qxe5 Qxg6 $19) 30... Bxc3) 29. Qxe5 Qf7 30. Qd4 Rae8 31. e5 h4 (31... Re6 $142 32. Re2 Rfe8) 32. e6 Qf5 $2 (32... Qg7 33. Qxh4 Re7) 33. Rd7 (33. e7 $142 h3 34. exf8=Q+ Rxf8 35. Rd8 h2+ 36. Kxh2) 33... Rf6 34. gxh4 Rexe6 35. Rxe6 Qxe6 36. Rxb7 {[%mdl 4096] Endgame KQR-KQR} Qe1+ $2 (36... Rf7 37. Rb6 Qe8) 37. Kg2 Qe6 38. Rd7 {Black must now prevent Rd6.} Rf7 $2 (38... Qf5 $18 39. Ra7 Rf7 40. Rxa5 Qc8) 39. Rd8+ Rf8 40. Rxf8+ Kxf8 41. Qd6+ Qxd6 42. cxd6 c5 43. a4 {Accuracy: White = 55%, Black = 35%.} 1-0

[Event "Stockholm Chess Challenge 2019"]
[Site "Stockholm"]
[Date "2019.04.26"]
[Round "1.7"]
[White "Dev, Shah"]
[Black "Sorensen, Hampus"]
[Result "1-0"]
[WhiteElo "2020"]
[BlackElo "2319"]
[Annotator "TA"]
[PlyCount "51"]
[EventDate "2019.04.26"]
[EventType "swiss"]
[EventCountry "SWE"]
[SourceTitle "playchess.com"]
[Source "ChessBase"]
[SourceQuality "1"]

{[%evp 21,51,0,0,-22,-31,-36,-41,-84,-86,-53,-78,-80,0,0,191,184,182,206,203,185,1300,1391,29986,3029,29987,2631,1900,1711,29994,29995,29995,29996]} 1. d4 d5 2. c4 c6 3. Nc3 Nf6 4. Nf3 e6 5. g3 dxc4 6. Bg2 b5 7. Ne5 a6 8. a4 Bb7 9. O-O Nd5 10. e4 Nxc3 11. bxc3 Nd7 12. f4 {E04: Open Catalan: 5 Nf3} Be7 13. Qg4 O-O 14. f5 {Black is slightly better.} exf5 15. exf5 Nf6 $1 {[%cal Rf6g4]} 16. Qh3 {[#]} Qc8 $146 ({Black should try} 16... b4 $17 17. g4 Nd5 18. cxb4 c3) ({Predecessor:} 16... Nd5 17. Qg4 Bf6 18. axb5 axb5 19. Rxa8 Bxa8 20. Bxd5 Qxd5 21. Qf3 Qxf3 22. Nxf3 c5 23. Ne5 cxd4 24. Nd7 dxc3 25. Nxf8 Bd4+ 26. Rf2 b4 {0-1 (26) Kristiansen,J (2435)-Postny,E (2647) Helsingor 2009}) 17. g4 $11 {aiming for g5.} Nd7 $2 {[#]} (17... c5 $11) 18. Nxd7 $1 $18 Qxd7 {[#]} 19. f6 $1 {[%cal Rf6g7][%mdl 512]} Bxf6 {[#]} 20. Rxf6 $1 $40 {[%mdl 640] White wants a kill.} gxf6 $2 (20... c5) 21. Be4 {[%csl Ge4][%cal Rh3h7]} Rfc8 22. Qxh7+ Kf8 23. Bh6+ (23. Bf5 $142 Qxf5 24. gxf5 Ke8 25. Bf4 Rc7 26. Qg8+ Kd7 27. Qxf7+ {[%mdl 64] Double Attack} Kd8 28. Qxc7+ {[%mdl 64] Double Attack} Ke8 29. Bd6 bxa4 30. Qe7#) 23... Ke7 24. Bf5 {[%mdl 64] White wants to mate with Re1+. Skewer} Qd5 25. Re1+ Kd8 26. Bf4 {Accuracy: White = 65%, Black = 44%.} 1-0

[Event "Stockholm Chess Challenge 2019"]
[Site "Stockholm"]
[Date "2019.04.26"]
[Round "1.8"]
[White "Kenneskog, Theodor"]
[Black "Wernberg, Hugo"]
[Result "1-0"]
[WhiteElo "2306"]
[BlackElo "2009"]
[Annotator "TA"]
[PlyCount "41"]
[EventDate "2019.04.26"]
[EventType "swiss"]
[EventCountry "SWE"]
[SourceTitle "playchess.com"]
[Source "ChessBase"]
[SourceQuality "1"]

{[%evp 11,41,-10,23,16,25,22,46,50,49,57,48,39,69,0,0,0,0,0,123,115,170,167,196,179,202,193,188,153,350,350,640,632]} 1. d4 d5 2. c4 c6 3. Nf3 Nf6 4. Nc3 e6 5. Bg5 h6 6. Bh4 Nbd7 7. cxd5 {D51: Queen's Gambit Declined: 4 Bg5 Nbd7 sidelines} exd5 8. Qc2 Bb4 (8... g5 9. Bg3 Nh5 10. O-O-O Nxg3 11. hxg3 g4 12. Nh4 Nb6 13. e4 Be6 {1-0 (35) Kramnik,V (2779)-L'Ami,E (2639) Douglas 2018}) 9. e3 {White is slightly better.} g5 10. Bg3 Ne4 11. Bd3 f5 12. h4 $146 (12. a3 $14 Be7 13. O-O) ({Predecessor:} 12. Nd2 Qf6 13. f3 Nxg3 14. hxg3 Nb6 15. O-O-O {0-1 (54) Poleksic,P (1814)-Rodic,D (2028) Belgrade 2014}) 12... Nxg3 $11 13. fxg3 {[#] Strongly threatening hxg5.} g4 14. Nd2 Bxc3 (14... Qe7 $11 {remains equal.}) 15. bxc3 $16 ({But not} 15. Qxc3 $6 Nf6 $11) 15... Nf6 (15... Qc7 $16) 16. Bxf5 $18 Bxf5 17. Qxf5 {Threatens to win with 0-0.} Qe7 18. O-O O-O 19. Rae1 Rae8 $2 (19... Kh8 $16 {was worth a try.}) 20. Qg6+ {[%mdl 64] Double Attack} Qg7 $2 {[#]} (20... Kh8 21. Qxh6+ Kg8) 21. Rxf6 $1 {[%mdl 576] Remove Defender. Accuracy: White = 87%, Black = 28%.} 1-0

[Event "Stockholm Chess Challenge 2019"]
[Site "Stockholm"]
[Date "2019.04.26"]
[Round "1.9"]
[White "Savitha Shri B"]
[Black "Kucuksari, Kaan"]
[Result "1-0"]
[WhiteElo "1895"]
[BlackElo "2301"]
[Annotator "TA"]
[PlyCount "97"]
[EventDate "2019.04.26"]
[EventType "swiss"]
[EventCountry "SWE"]
[SourceTitle "playchess.com"]
[Source "ChessBase"]
[SourceQuality "1"]

{[%evp 23,97,-18,-16,-16,-23,-20,316,317,320,320,308,304,307,317,401,364,327,311,435,435,436,485,484,479,448,454,535,587,575,563,670,663,629,647,684,666,736,736,711,706,671,610,883,833,870,856,856,818,788,729,1072,995,29971,29972,29972,29973,29972,29972,29972,29973,29976,29977,29976,29977,29978,29978,29978,29976,29981,29978,29978,29979,29979,29980,29980,29979]} 1. Nf3 Nf6 2. g3 b6 3. Bg2 Bb7 4. c4 e6 5. O-O Be7 6. b3 O-O 7. Bb2 c6 8. d4 d5 9. Nbd2 Nbd7 10. Ne5 Nxe5 11. dxe5 Nd7 12. cxd5 cxd5 13. e4 {E07: Closed Catalan: Main Line (5 Nf3 0-0 6 0-0 Nbd7)} Nc5 {[%cal Rd5e4]} 14. exd5 {[#]} Nd3 $146 {[%mdl 8192]} (14... Bxd5 $11 15. Qe2 Bxg2 16. Kxg2 Qd3 17. Qxd3 Nxd3) ({Predecessor:} 14... Bxd5 15. Bxd5 Qxd5 16. Nc4 Rfd8 17. Qg4 Qe4 18. Qxe4 Nxe4 19. Rfe1 Nc5 20. Ba3 Rd7 {½-½ (49) Brumen,D (2371)-Horvath,J (2507) Split 2003}) 15. d6 $18 {White has a decisive advantage.} Bxg2 16. dxe7 ({Resist} 16. Kxg2 Nxb2 17. Qc2 (17. dxe7 Qd5+ 18. Qf3 Rfe8 $16) 17... Qc8 $18) 16... Qxe7 17. Kxg2 Rfd8 18. Rb1 Qb4 19. a3 Qb5 20. Qf3 Rac8 21. Nc4 Nxb2 22. Nd6 ({Not} 22. Rxb2 Rxc4 23. Rd2 Rcc8 $11) (22. Nxb2 Qxe5 23. a4 Qc3 $18) 22... Rxd6 23. exd6 Nd3 24. a4 Qd5 25. Qxd5 exd5 {[%mdl 4096] Endgame KRR-KRN} 26. b4 Kf8 27. d7 Rd8 28. Rfd1 Ne5 29. Rxd5 f6 30. Rc1 Ke7 31. Rc7 a6 32. a5 Ke6 33. Rc8 Rxd7 34. Rxd7 Kxd7 {KR-KN} 35. Ra8 bxa5 36. bxa5 Kc7 37. Rxa6 Nc6 {[#]} 38. Rxc6+ $1 {White mates.} Kxc6 {KP-KP} 39. Kf3 Kb5 40. Kf4 g6 41. Ke4 Kxa5 {K3P-K3P} 42. Kd5 Kb4 43. Ke6 f5 44. Kf6 Kc4 45. Kg7 Kd3 46. Kxh7 g5 47. Kg6 {[%mdl 64] Double Attack} f4 {[#]} 48. gxf4 $1 ({Inferior is} 48. Kxg5 f3 $11) 48... gxf4 49. Kf5 {Accuracy: White = 96%, Black = 32%.} 1-0

[Event "Stockholm Chess Challenge 2019"]
[Site "Stockholm"]
[Date "2019.04.27"]
[Round "2.1"]
[White "Stupak, Kirill"]
[Black "Kenneskog, Theodor"]
[Result "1-0"]
[WhiteElo "2547"]
[BlackElo "2306"]
[Annotator "TA"]
[PlyCount "75"]
[EventDate "2019.04.26"]
[EventType "swiss"]
[EventCountry "SWE"]
[SourceTitle "playchess.com"]
[Source "ChessBase"]
[SourceQuality "1"]

{[%evp 20,75,39,39,42,4,60,54,65,63,68,61,69,43,68,70,72,78,75,61,57,37,63,57,78,40,73,66,94,85,98,124,163,159,180,78,108,37,162,142,295,308,426,425,424,414,421,434,427,418,570,408,426,401,397,416,1140,1058]} 1. d4 Nf6 2. c4 g6 3. g3 Bg7 4. Bg2 d5 5. Nf3 O-O 6. O-O dxc4 7. Na3 c3 8. bxc3 c5 9. e3 Nc6 10. Qe2 Nd5 11. Bb2 Nb6 {D77: Fianchetto Grünfeld: 6 0-0: Replies other than 6...c6} 12. Rac1 Na4 $146 (12... Qd5 $11) ({Predecessor:} 12... Qd5 13. Qb5 Qh5 14. Nd2 Bd7 15. Qd3 Rad8 16. Qc2 Bh3 17. Bxh3 Qxh3 18. Ne4 cxd4 19. cxd4 Rd5 {½-½ (19) Sargissian,G (2679)-Darini,P (2524) Guilan 2016}) 13. Ba1 $14 Qa5 {White is slightly better.} 14. Nd2 a6 15. Nb3 Qc7 16. d5 Na5 17. c4 Bxa1 18. Rxa1 Rb8 19. Qd2 b6 20. e4 Bd7 21. Rfe1 e5 22. f4 Nb7 23. d6 Qc8 24. fxe5 Qe8 {[#]} 25. e6 $1 {[%cal Re6e7]} Bxe6 26. e5 b5 27. cxb5 (27. Qf4 $18 {is more deadly.}) 27... axb5 $16 28. Rac1 ({White should try} 28. Qf4 $16) 28... c4 (28... b4 $1 $14) 29. Nd4 $36 {[%mdl 2048] White is on the roll.} Bd7 $2 (29... Nbc5 $16) 30. e6 fxe6 {[#]} 31. Nxe6 $1 {[%mdl 512]} Bxe6 {[#]} 32. Rxe6 $1 {[%mdl 512]} Qc8 (32... Qxe6 33. Bd5) 33. Re5 Nd8 {Black hopes to continue with ...Nf7.} 34. Qd4 Qa6 {[#] intending ...Nf7.} 35. Rxb5 $1 {[%mdl 576] Bd5+ would kill now. Remove Defender, Decoy} Rxb5 36. Qxc4+ {[%mdl 64] Double Attack, Pin} ({And not} 36. Nxb5 Qxb5 37. Bd5+ Nf7 $17) 36... Nf7 37. Nxb5 Nc3 (37... Qb6+ $142 38. Kh1 Qe3) 38. Rxc3 {Accuracy: White = 58%, Black = 27%.} 1-0

[Event "Stockholm Chess Challenge 2019"]
[Site "Stockholm"]
[Date "2019.04.27"]
[Round "2.2"]
[White "Siddharth, Jagadeesh"]
[Black "Maiorov, Nikita"]
[Result "0-1"]
[WhiteElo "2132"]
[BlackElo "2540"]
[Annotator "TA"]
[PlyCount "38"]
[EventDate "2019.04.26"]
[EventType "swiss"]
[EventCountry "SWE"]
[SourceTitle "playchess.com"]
[Source "ChessBase"]
[SourceQuality "1"]

{[%evp 19,38,33,45,46,41,31,46,34,44,39,57,37,34,47,45,-25,-25,-14,-1,-647,-668]} 1. d4 Nf6 2. c4 e6 3. g3 Bb4+ 4. Bd2 Be7 5. Nf3 d5 6. Bg2 O-O 7. O-O b6 8. Qc2 Bb7 9. cxd5 exd5 10. Nc3 Na6 11. Rfd1 {E16: Queen's Indian: 4 g3 Bb7 5 Bg2 Bb4+} Qd7 12. Rac1 Rfd8 13. Bf4 $146 {White is slightly better.} ({Predecessor:} 13. Ne5 Qe6 14. Nd3 Qf5 15. Bf4 h6 16. a3 g5 17. Be5 Ne4 18. b4 Nxc3 19. Qxc3 {1-0 (27) Lukacs,P (2490)-Zsinka,L (2430) Budapest 1988}) 13... Qe8 14. Ne5 h6 15. Qb3 Bf8 16. h4 c5 17. dxc5 (17. e3 $14) 17... Nxc5 $11 18. Qb5 Qe6 {[#] ...a6 is the strong threat.} 19. b4 $2 {[%mdl 8192]} (19. Nd3 $11) 19... a6 {Accuracy: White = 29%, Black = 20%.} 0-1

[Event "Stockholm Chess Challenge 2019"]
[Site "Stockholm"]
[Date "2019.04.27"]
[Round "2.3"]
[White "Blomqvist, Erik"]
[Black "Dev, Shah"]
[Result "1-0"]
[WhiteElo "2496"]
[BlackElo "2020"]
[Annotator "RC"]
[PlyCount "81"]
[EventDate "2019.04.26"]
[EventType "swiss"]
[EventCountry "SWE"]
[SourceTitle "playchess.com"]
[Source "ChessBase"]
[SourceQuality "1"]
[TimeControl "40/5400+30:900+30"]

1. Nf3 {[%emt 0:01:06]} d5 {[%emt 0:01:03]} 2. g3 {[%emt 0:00:11]} c6 {[%emt 0:00:08]} 3. Bg2 {[%emt 0:00:08]} Nf6 {[%emt 0:00:06]} 4. O-O {[%emt 0:00:58]} Bf5 {[%emt 0:00:12]} 5. c4 {[%emt 0:00:17]} e6 {[%emt 0:00:13]} 6. cxd5 {[%emt 0:00:23]} exd5 {[%emt 0:00:08]} 7. d3 {[%emt 0:00:13]} Be7 {[%emt 0:00:09]} 8. Qb3 {[%emt 0:00:25]} Qb6 {[%emt 0:00:20]} 9. Qc2 {[%emt 0:00:11]} Na6 {[%emt 0:00:08]} 10. Nc3 {[%emt 0:11:09]} Nb4 {[%emt 0:12:02]} 11. Qb1 {[%emt 0:09:43]} O-O {[%emt 0:12:27]} 12. a3 {[%emt 0:06:35]} Na6 {[%emt 0:00:44]} 13. e4 {[%emt 0:01:15]} dxe4 {[%emt 0:08:30]} 14. dxe4 {[%emt 0:02:49]} Bg6 {[%emt 0:00:19]} 15. Ne5 {[%emt 0:12:00]} Qb3 {[%emt 0:04:31]} 16. Nxg6 {[%emt 0:10:04]} hxg6 {[%emt 0:01:23]} 17. e5 {[%emt 0:00:15]} Nd7 {[%emt 0:05:40]} 18. f4 {[%emt 0:00:43]} Nac5 {[%emt 0:02:43]} 19. Be3 Na4 {[%emt 0:04:17]} 20. Qd1 {[%emt 0:06:53]} Qxd1 {[%emt 0:04:42]} 21. Rfxd1 {[%emt 0:01:11]} Bc5 {[%emt 0:00:11]} 22. Kf2 {[%emt 0:08:11]} Bxe3+ {[%emt 0:06:33]} 23. Kxe3 {[%emt 0:00:08]} Nab6 {[%emt 0:02:33]} 24. Ne4 {[%emt 0:00:37]} Nd5+ {[%emt 0:00:42]} 25. Kf2 {[%emt 0:00:31]} N7b6 {[%emt 0:02:06]} 26. Nc5 {[%emt 0:01:02]} Rab8 {[%emt 0:03:56]} 27. Rd4 {[%emt 0:01:24]} Rfd8 {[%emt 0:02:30]} 28. Rad1 {[%emt 0:06:37]} Kf8 {[%emt 0:02:42]} 29. b4 {[%emt 0:04:34]} Nd7 {[%emt 0:03:30]} 30. Bxd5 {[%emt 0:01:46]} Nxc5 {[%emt 0:01:01]} 31. Bxf7 {[%emt 0:01:52]} Rxd4 {[%emt 0:07:02]} 32. Rxd4 {[%emt 0:00:03]} Kxf7 {[%emt 0:00:03]} 33. bxc5 {[%emt 0:00:07]} b6 {[%emt 0:00:40]} 34. Rd7+ {[%emt 0:00:31]} Kf8 {[%emt 0:00:01]} 35. Rxa7 {[%emt 0:06:11]} bxc5 {[%emt 0:00:16]} 36. Rc7 {[%emt 0:00:31]} Rb6 {[%emt 0:01:09]} 37. Ke3 {[%emt 0:00:43]} Ra6 {[%emt 0:00:30]} 38. a4 {[%emt 0:01:58]} Rxa4 {[%emt 0:00:31]} 39. Rxc6 {[%emt 0:00:07]} Rc4 {[%emt 0:00:23]} 40. Rxg6 {[%emt 0:00:40]} Rc2 {[%emt 0:00:23]} 41. Rc6 {[%emt 0:15:27]} 1-0